=LDR 00000nam 2200000 4500 =001 INLIS000000000025725 =005 20130612124218 =008 ***********************************Ind** =035 ##$$0010-061300000025725 =041 ##$$a Ind =082 ##$$a 2X3 =090 ##$$a 2X3, Tam m =100 ##$$a At Tamimi, Syaikh Muhammad =245 ##$$a Mengungkap kebatilan penentang tauhid, Syaikh Muhammad At Tamimi; Penerjemah Ainul Haris =260 ##$$a 1997 $b Jakarta =300 ##$$a ix, 65 hlm, 17 cm =650 ##$$a Aqidah dan Ilmu Kalam =850 ##$$a NBPNMAT